00431nam a2200121Ia 4500008004100000245004900041245003800090260000900128650003200137856004800169999001900217952007300236171204s9999 xx 000 0 und d aFood Microbiology: Principles into Practice: cOsman Erkmen and T. Faruk Bozoglu c2016 xMicrobiology & Parasitology uhttp://down.ebook777.com/043/1119237769.pdf c346393d346393 001040aCLbCLd2017-12-04l0r2017-12-04 00:00:00w2017-12-04yCBE